Statistics for Rhymes With Grow

Click here to take the quiz!

General Stats

  • This quiz has been taken 191 times
  • The average score is 18 of 24

Answer Stats

HintAnswer% Correct
LLow
93%
NNo
93%
BBow
92%
MMow
92%
RRow
91%
HHoe
87%
SSlow
85%
CCrow
83%
GGlow
83%
SStow
83%
GGo
81%
TTow
81%
FFlow
80%
SShow
78%
TToe
75%
SSnow
71%
OOwe
70%
KKnow
69%
DDough
65%
TThrow
65%
SSew
64%
TThough
63%
WWhoa
41%
BBeau
35%

Score Distribution

Percentile by Number Answered

Percent of People with Each Score

Your Score History

You have not taken this quiz